| 000 | 00990nam a2200265 i 4500 | ||
|---|---|---|---|
| 001 | bg | ||
| 003 | KOSZ 005 | ||
| 005 | 20221025082159.0 | ||
| 008 | 080811s1965 pl a f 001 0 pol | ||
| 015 | _aPB 1965/9407 | ||
| 040 |
_aWA N _cKOSZ 005/RW _dKOSZ 005/RW |
||
| 080 | _a620 | ||
| 100 | 1 |
_aBłażewski, Stefan _eAutor |
|
| 245 | 1 | 0 |
_aWytrzymałość materiałów w przystępnym zarysie / _cStefan Błażewski. |
| 250 | _aWyd. 3 popr. i uzup. | ||
| 260 |
_aWarszawa : _bWydawnictwa Naukowo-Techniczne, _c1965. |
||
| 300 |
_a370, [1] s. : _bil. ; _c24 cm. |
||
| 380 | _aKsiążki. | ||
| 504 | _aBibliogr. s. [367]. Indeks. | ||
| 521 | 8 | _aDla techników konstruktorów maszyn oraz uczniów średnich szkół techniczno-mechanicznych. | |
| 650 | 4 | _aWytrzymałość materiałów | |
| 710 | 2 |
_aWydawnictwa Naukowo-Techniczne _4pbl. |
|
| 856 |
_uhttp://koha.tu.koszalin.pl/cgi-bin/koha/opac-detail.pl?biblionumber=10682 _yKatalog online BPK |
||
| 942 |
_2UKD _cKS |
||
| 999 |
_c10682 _d10682 |
||